Heat and mass transfer (Record no. 5861)

000 -LEADER
fixed length control field 00529nam a2200205 4500
001 - CONTROL NUMBER
control field 5861
003 - CONTROL NUMBER IDENTIFIER
control field BD-DhUET
008 - FIXED-LENGTH DATA ELEMENTS--GENERAL INFORMATION
fixed length control field 700409m19679999is a b 000 0 eng
040 ## - CATALOGING SOURCE
Original cataloging agency DLC
Transcribing agency DLC
Modifying agency BD-DhUET
082 00 - DEWEY DECIMAL CLASSIFICATION NUMBER
Classification number 621.011
Item number ECK/1959
100 ## - MAIN ENTRY--PERSONAL NAME
Personal name Eckert, R. R. G.
245 00 - TITLE STATEMENT
Title Heat and mass transfer
250 ## - EDITION STATEMENT
Edition statement 2nd ed.
260 ## - PUBLICATION, DISTRIBUTION, ETC. (IMPRINT)
Place of publication, distribution, etc. New York
Name of publisher, distributor, etc. McGraw-Hill
Date of publication, distribution, etc. 1959
300 ## - PHYSICAL DESCRIPTION
Extent xiv, 530p.
490 1# - SERIES STATEMENT
Series statement McGraw-Hill series in mechanical engineering
650 #0 - SUBJECT ADDED ENTRY--TOPICAL TERM
Topical term or geographic name as entry element Heat-Transmission
700 ## - ADDED ENTRY--PERSONAL NAME
Personal name Drake, Robert M.
942 ## - ADDED ENTRY ELEMENTS (KOHA)
Koha item type General Book
Holdings
Koha full call number Sublocation or collection (holding branch) Koha date last seen Source of classification or shelving scheme Location (home branch) Not for loan Piece designation (barcode) Copy number Koha date last borrowed Withdrawn status Price effective from Lost status Koha item type Date acquired Damaged status Shelving location Koha issues (times borrowed) Koha normalized classification for sorting
621.011/ECK/1959Central Library, BUET2014-11-29 Central Library, BUET 36668   2014-11-29 General Book2014-11-29 Circulation section 621_011000000000000_ECK_1959
621.011/ECK/1959Central Library, BUET2014-12-03 Central Library, BUET 148842  2014-12-03 General Book2014-12-03 Circulation section 621_000000000000000_011ECK1959
621.011/ECK/1959Central Library, BUET2015-04-12 Central Library, BUET 113023  2015-04-12 General Book2015-04-12 Circulation section 621_011000000000000_ECK_1959
621.011/ECK/1959Central Library, BUET2015-04-12 Central Library, BUET 312764  2015-04-12 General Book2015-04-12 Circulation section 621_011000000000000_ECK_1959
621.011/ECK/1959Central Library, BUET2015-04-12 Central Library, BUET 312745  2015-04-12 General Book2015-04-12 Circulation section 621_011000000000000_ECK_1959
621.011/ECK/1959Central Library, BUET2015-04-12 Central Library, BUET 312716  2015-04-12 General Book2015-04-12 Circulation section 621_011000000000000_ECK_1959
621.011/ECK/1959Central Library, BUET2015-04-12 Central Library, BUET 312727  2015-04-12 General Book2015-04-12 Circulation section 621_011000000000000_ECK_1959
621.011/ECK/1959Central Library, BUET2021-11-28 Central Library, BUET 3127782020-03-02 2015-04-13 General Book2015-04-13 Circulation section1621_011000000000000_ECK_1959
621.011/ECK/1959Central Library, BUET2015-04-13 Central Library, BUET 113019  2015-04-13 General Book2015-04-13 Circulation section 621_011000000000000_ECK_1959
621.011/ECK/1959Central Library, BUET2015-04-13 Central Library, BUET 1130310  2015-04-13 General Book2015-04-13 Circulation section 621_011000000000000_ECK_1959
621.011/ECK/1959Central Library, BUET2015-04-13 Central Library, BUET 2462511  2015-04-13 General Book2015-04-13 Circulation section 621_011000000000000_ECK_1959
621.011/ECK/1959Central Library, BUET2015-04-13 Central Library, BUET 765212  2015-04-13 General Book2015-04-13 Circulation section 621_011000000000000_ECK_1959
621.011/ECK/1959Central Library, BUET2015-04-13 Central Library, BUET 2432013  2015-04-13 General Book2015-04-13 Circulation section 621_011000000000000_ECK_1959
621.011/ECK/1959Central Library, BUET2015-04-13 Central Library, BUET 2497614  2015-04-13 General Book2015-04-13 Circulation section 621_011000000000000_ECK_1959
621.011/ECK/1959Central Library, BUET2015-04-13 Central Library, BUET 3127515  2015-04-13 General Book2015-04-13 Circulation section 621_011000000000000_ECK_1959
621.011/ECK/1959Central Library, BUET2015-06-16 Central Library, BUET 765516  2015-06-16 General Book2015-06-16 Reading section 621_011000000000000_ECK_1959